Statistics for Biggest Cities in Malawi With a Map

Click here to take the quiz!

General Stats

  • This quiz has been taken 73 times
  • The average score is 5 of 10

Answers on the Map

Answers color-coded by a green-red scale on the quiz's map according to % correct below.
 

Answer Stats

PopulationCity% Correct
989,318Lilongwe
100%
800,264Blantyre
86%
221,272Mzuzu
53%
105,013Zomba
53%
61,609Karonga
45%
36,308Balaka
39%
58,653Kasungu
39%
36,421Liwonde
39%
53,498Mangochi
39%
36,789Salima
37%

Score Distribution

Percentile by Number Answered

Percent of People with Each Score

Your Score History

You have not taken this quiz